| 000 | 00803nam a22002177a 4500 | ||
|---|---|---|---|
| 999 |
_c19575 _d19575 |
||
| 003 | AR-CdUCM | ||
| 008 | 190518b ||||| |||| 00| 0 spa d | ||
| 040 |
_aMUNICIPALIDAD PROVINCIAL DEL CUSCO _cBIBLIOTECA MUNICIPAL DEL CUSCO |
||
| 082 |
_a353.8 / _bM33 |
||
| 100 |
_aMazars, R _940994 |
||
| 245 | _aPrincipios y Practica de la gestión financiera / | ||
| 260 |
_aBarcelona : _bEdiciones Nauta, _c1977. |
||
| 300 |
_bIlustraciones, tablas, cuadros, _c28 cm. |
||
| 505 | _aContenido: Necesidades -- Recursos -- Documentos financieros -- Gestion de capitales -- Rentabilidad y previsión... | ||
| 650 |
_aFinaciero _940995 |
||
| 650 |
_aGestión _922604 |
||
| 700 |
_aRudelli, P. ( Coautor ) _940996 |
||
| 700 |
_aNicolau Casellas, Ramón _940997 |
||
| 942 |
_2ddc _cLIBROS |
||
| 945 |
_apjha _d2019-05-18 |
||